| 000 | 00437 a2200169 4500 | ||
|---|---|---|---|
| 001 | 068118 | ||
| 003 | OSt | ||
| 005 | 20220125120651.0 | ||
| 008 | |||
| 082 |
_a512.5 _bR54L |
||
| 100 | 1 | _aRobert, Alain M. | |
| 245 | 1 |
_aLinear algebra: examples and application _cby Alain M. Robert |
|
| 260 |
_aNew Jersey _bWorld Scientific _c2005 |
||
| 300 | _a372p. | ||
| 653 | _aAlgebra, Linear | ||
| 942 |
_2ddc _cBK |
||
| 999 |
_c1908 _d1908 |
||